000
00293nam a22001337a 4500
008
170720b xxu||||| |||| 00| 0 eng d
020
_a
068414719X
041
_a
eng
080
_a
2
100
_a
24
101
_a
TEO
245
_a
PROTESTANT CHRISTIANITY
_c
DILLENBERGER, J
942
_2
udc
_c
BK
999
_c
21649
_d
21649